[Event "Coupe Niveau 2"]
[Site "www.echecsemail.com"]
[Date "2026.02.03"]
[Round "1"]
[White "4x4"]
[Black "Woluwe1975"]
[WhiteElo "1460"]
[BlackElo "1670"]
[Result "0-1"]
1.e4 e5
2.f4 d6
3.d3 c5
4.f5 h6
5.Nb1c3 Ng8f6
6.Nc3d5 Nf6xd5
7.exd5 Bf8e7
8.c4 Be7f6
9.g4 Bc8d7
10.h3 b5
11.b3 a5
12.Bc1b2 b4
13.Bf1g2 a4
14.Ng1f3 a3
15.Bb2c1 Qd8e7
16.Bc1e3 Nb8a6
17.Qd1d2 O-O-O
18.O-O-O Kb7
19.Nf3g1 g5
20.Ng1f3 Rd8g8
21.h4 Bd7e8
22.h5 Be8d7
23.d4 e4
24.Nf3g1 Qe7e8
25.dxc5 dxc5
26.Qd2f2 Qe8e5
27.Ng1e2 Qe5b2
0-1

[Event "Tournoi n27322"]
[Site "www.echecsemail.com"]
[Date "2026.02.03"]
[Round "1"]
[White "Rvsinovitch"]
[Black "Kichmat"]
[WhiteElo "2020"]
[BlackElo "2010"]
[Result "0-1"]
1.e4 c5
2.Ng1f3 e6
3.d4 cxd4
4.Nf3xd4 Ng8f6
5.Nb1c3 d6
6.a3 Bf8e7
7.Bf1b5 Nb8d7
8.O-O a6
9.Bb5xd7 Bc8xd7
10.Rf1e1 O-O
11.b4 b5
12.Bc1b2 Qd8b8
13.h3 Qb8b7
14.Ra1c1 Ra8c8
15.e5 Nf6d5
16.exd6 Be7xd6
17.Nc3xd5 Qb7xd5
18.Qd1g4 Bd6e5
19.Bb2a1 h5
20.Qg4e4 Qd5xe4
21.Re1xe4 Be5f6
22.Re4e1 Rc8c4
23.Nd4b3 Bf6xa1
24.Nb3xa1 Rc4c3
25.Re1e3 Rc3xe3
26.fxe3 Rf8c8
27.c3 e5
28.Na1b3 Bd7c6
29.Nb3d2 Rc8d8
30.Nd2f3 f6
31.Kf2 Kf7
32.Ke2 Ke6
33.c4 bxc4
34.g3 g5
35.h4 gxh4
36.Nf3xh4 Bc6b5
37.Nh4f3 Rd8d3
38.Rc1a1 c3
39.Kf2 c2
40.Ra1c1 Bb5a4
{ abandon }0-1

[Event "Coupe Niveau 3"]
[Site "www.echecsemail.com"]
[Date "2026.02.03"]
[Round "1"]
[White "Elghribi"]
[Black "Patau"]
[WhiteElo "1920"]
[BlackElo "1700"]
[Result "1-0"]
1.e4 e5
2.Ng1f3 Nb8c6
3.Bf1b5 a6
4.Bb5a4 b5
5.Ba4b3 Nc6a5
6.c3 Na5xb3
7.Qd1xb3 Bc8b7
8.Nf3xe5 Qd8f6
9.d4 Bb7xe4
10.O-O O-O-O
11.Nb1d2 Be4g6
12.Ne5xg6 Qf6xg6
13.Nd2f3 Ng8f6
14.Nf3e5 Qg6h5
15.Ne5xf7 Bf8d6
16.h3 g5
17.Bc1xg5 Nf6e4
18.Bg5e3 Rd8g8
19.Nf7xh8 Rg8xh8
20.Qb3d1 Qh5xd1
21.Ra1xd1 Rh8g8
22.f3 Ne4g3
23.Rf1e1 Ng3f5
24.Be3f2 Bd6g3
25.Bf2xg3 Nf5xg3
26.Re1e7 h5
27.Rd1e1 h4
28.Re7h7 Ng3f5
29.Re1e5 Nf5d6
30.Rh7xh4 Rg8e8
31.Re5xe8 { abandon }1-0

[Event "Défi"]
[Site "www.echecsemail.com"]
[Date "2026.02.03"]
[Round "1"]
[White "Castor"]
[Black "Albescab"]
[WhiteElo "1350"]
[BlackElo "1630"]
[Result "0-1"]
1.d4 d5
2.c4 c6
3.Nb1d2 e6
4.b3 Bf8b4
5.a3 Bb4c3
6.Ra1b1 Bc3xd4
7.e3 Bd4c3
8.Ng1e2 Bc3e5
9.Nd2f3 Nb8a6
10.Nf3xe5 Ng8e7
11.Ne2f4 O-O
12.Bf1d3 Na6c5
13.Bd3c2 Qd8c7
14.Bc1b2 b5
15.Qd1g4 f6
16.Nf4xe6 Bc8xe6
17.Qg4xe6 Nc5xe6
18.Ne5f3 dxc4
19.O-O Ra8d8
20.h3 Ne7d5
21.e4 Nd5f4
22.Rf1e1 Ne6c5
23.Nf3h4 Qc7c8
24.Bb2c1 Nf4xh3
25.Kf1 cxb3
26.Bc2d1 Nc5d3
27.Re1e3 Nd3xf2
28.gxh3 Nf2xd1
29.Re3e1 Qc8xh3
30.Nh4g2 Qh3h1
31.Ke2 Qh1xg2
0-1

[Event "Jean 8"]
[Site "www.echecsemail.com"]
[Date "2026.02.03"]
[Round "1"]
[White "4x4"]
[Black "Orosco"]
[WhiteElo "1450"]
[BlackElo "2220"]
[Result "0-1"]
1.e4 e5
2.f4 exf4
3.Ng1f3 d6
4.d4 g5
5.c3 g4
6.Nf3d2 Qd8h4
7.Ke2 c5
8.Kd3 Nb8c6
9.d5 Nc6e5
10.Kc2 Bc8d7
11.Nb1a3 Ng8f6
12.Na3b5 Kd8
13.Kb1 a6
14.Nb5a3 Kc7
15.b3 Ra8e8
16.Nd2c4 Nf6xe4
17.Nc4xe5 Ne4xc3
18.Kc2 Nc3xd1
19.Kxd1 Re8xe5
20.Bc1xf4 Qh4e1
21.Kc2 Bd7f5
22.Kb2 Re5e2
23.Na3c2 Re2xc2
24.Ka3 Qe1a5
0-1

[Event "Jean 8"]
[Site "www.echecsemail.com"]
[Date "2026.02.03"]
[Round "1"]
[White "Woluwe1975"]
[Black "Orosco"]
[WhiteElo "1640"]
[BlackElo "2220"]
[Result "0-1"]
1.e4 e5
2.Ng1f3 Nb8c6
3.d4 exd4
4.Bf1c4 Ng8f6
5.e5 d5
6.Bc4b5 Nf6e4
7.Nf3xd4 Bf8c5
8.O-O Bc8d7
9.Bb5xc6 bxc6
10.c3 O-O
11.Bc1e3 Qd8e7
12.f4 f6
13.b4 fxe5
14.fxe5 Rf8xf1
15.Qd1xf1 Bc5b6
16.Qf1e2 Qe7xe5
17.a4 Ne4xc3
18.Nb1xc3 Bb6xd4
19.Be3xd4 Qe5xd4
20.Kh1 Qd4xc3
21.Ra1b1 Ra8e8
22.Qe2f2 Qc3e3
23.Qf2h4 g5
{ abandon }0-1

[Event "Tournoi échelle division 2"]
[Site "www.echecsemail.com"]
[Date "2026.02.03"]
[Round "1"]
[White "Bertelsen"]
[Black "Woluwe1975"]
[WhiteElo "1690"]
[BlackElo "1670"]
[Result "1-0"]
1.d4 Ng8f6
2.Ng1f3 c5
3.d5 d6
4.e3 a6
5.Bf1e2 e5
6.c4 Bf8e7
7.Nb1c3 O-O
8.O-O Rf8e8
9.h3 e4
10.Nf3h2 b6
11.Be2g4 Bc8b7
12.a3 Nb8d7
13.f4 h6
14.g3 Be7f8
15.Bg4e2 Bf8e7
16.a4 Bb7c8
17.b3 a5
18.Nc3b5 Nd7f8
19.Bc1b2 Bc8d7
20.g4 Bd7xb5
21.axb5 g5
22.Qd1e1 Nf6h7
23.Be2d1 f6
24.Bd1c2 Nf8g6
25.f5 Ng6h4
26.Qe1e2 Be7f8
27.Bb2c3 Ra8a7
28.Bc3e1 Qd8e7
29.Be1xh4 gxh4
30.Qe2f2 Re8a8
31.Qf2xh4 Nh7g5
32.Qh4h5 Kh8
33.h4 Ng5f7
34.Rf1f4 Qe7e5
35.Ra1e1 Ra7e7
36.g5 fxg5
37.hxg5 Nf7xg5
38.Nh2g4 Ng5h3
39.Qh5xh3 Re7h7
40.Ng4xe5 dxe5
41.Rf4xe4 { abandon }1-0

[Event "Coupe Niveau 6"]
[Site "www.echecsemail.com"]
[Date "2026.02.03"]
[Round "1"]
[White "Orosco"]
[Black "Guig47"]
[WhiteElo "2220"]
[BlackElo "2220"]
[Result "1-0"]
1.e4 e5
2.Ng1f3 Nb8c6
3.d4 exd4
4.Nf3xd4 Ng8f6
5.Nd4xc6 bxc6
6.e5 Nf6d5
7.c4 Nd5b6
8.Bf1d3 Bf8c5
9.O-O O-O
10.Nb1d2 d6
11.Nd2e4 Nb6d7
12.Bc1g5 Qd8e8
13.exd6 Bc5xd6
14.Ne4xd6 cxd6
15.Rf1e1 Nd7e5
16.f4 f6
17.fxe5 fxg5
18.exd6 Qe8d8
19.c5 Bc8f5
20.Re1e7 Bf5xd3
21.Qd1xd3 Ra8b8
22.Ra1e1 Qd8a5
23.Qd3d4 Rf8f6
24.Re7e8 Rb8xe8
25.Re1xe8 Kf7
26.d7 Rf6e6
27.Qd4f2 Re6f6
28.Qf2e3 Qa5b5
29.Re8f8 { abandon }1-0

[Event "DOUKIPUDONKTAN"]
[Site "www.echecsemail.com"]
[Date "2026.02.03"]
[Round "1"]
[White "Mindthegap"]
[Black "Woluwe1975"]
[WhiteElo "1460"]
[BlackElo "1650"]
[Result "1/2-1/2"]
1.e4 e5
2.Ng1f3 Ng8f6
3.Nf3xe5 d6
4.Ne5f3 Nf6xe4
5.Qd1e2 Qd8e7
6.d3 Ne4f6
7.Qe2xe7 Bf8xe7
8.Bf1e2 O-O
9.Nb1c3 c6
10.Bc1g5 Rf8e8
11.Bg5xf6 Be7xf6
12.O-O-O Bf6xc3
13.bxc3 Re8xe2
14.Rh1e1 Re2xe1
15.Rd1xe1 Bc8e6
16.Nf3d4 Nb8a6
17.Nd4xe6 fxe6
18.Re1xe6 d5
19.Re6e7 Ra8b8
20.f4 Na6c5
21.f5 Kf8
22.Re7e3 b5
23.Re3h3 Kg8
24.Rh3g3 Rb8b7
25.f6 g6
26.Rg3f3 Kf7
27.h4 a5
28.g4 Rb7b8
29.h5 Rb8e8
30.hxg6 hxg6
31.g5 Nc5a4
32.Rf3h3 Re8e1
33.Kd2 Re1g1
34.Rh3h7 Kf8
35.Rh7h8 Kf7
36.Rh8h7 Kf8
37.Rh7h8 Kf7
{ nul }1/2-1/2

[Event "Défi"]
[Site "www.echecsemail.com"]
[Date "2026.02.03"]
[Round "1"]
[White "Jipepe"]
[Black "Claudius94"]
[WhiteElo "1430"]
[BlackElo "1870"]
[Result "0-1"]
1.e4 e5
2.Ng1f3 d6
3.Bf1c4 Ng8f6
4.Nb1c3 c6
5.O-O Bf8e7
6.d4 exd4
7.Nf3xd4 O-O
8.Nd4f5 Bc8xf5
9.exf5 d5
10.Bc4d3 Nb8d7
11.Bc1f4 Nd7c5
12.Nc3e2 Nc5xd3
13.Qd1xd3 Be7d6
14.Qd3f3 Bd6xf4
15.Ne2xf4 Nf6e4
16.Ra1d1 Qd8g5
17.Nf4h3 Qg5h6
18.Nh3f4 Qh6f6
19.Qf3g4 Qf6g5
20.f3 Qg5xg4
21.fxg4 Rf8e8
22.Nf4e2 Re8e5
23.h3 Ra8e8
24.Kh2 Ne4g5
25.Ne2c3 f6
26.Nc3a4 b6
27.h4 Ng5e4
28.b3 b5
29.Na4b2 Ne4c3
30.Rd1a1 Re5e2
31.Rf1c1 Re8e4
32.Kh3 Re2e3
33.g3 Nc3e2
34.Rc1e1 Re3xg3
35.Kh2 Rg3xg4
36.Nb2d3 Rg4xh4
37.Kg2 Ne2d4
{ abandon }0-1

[Event "Tournoi n27427"]
[Site "www.echecsemail.com"]
[Date "2026.02.03"]
[Round "1"]
[White "Wenoketo"]
[Black "Patau"]
[WhiteElo "1720"]
[BlackElo "1690"]
[Result "1-0"]
1.d4 d5
2.Ng1f3 Ng8f6
3.Bc1f4 c5
4.dxc5 e6
5.h3 Bf8xc5
6.e3 O-O
7.Bf1e2 Nb8c6
8.O-O Rf8e8
9.Nb1d2 e5
10.Bf4h2 e4
11.Nf3e1 Bc5d6
12.a3 Bd6xh2
13.Kxh2 Qd8d6
14.Kg1 Nc6e5
15.b3 d4
16.exd4 Qd6xd4
17.Ra1c1 Bc8f5
18.c3 Qd4b6
19.Rc1a1 Ra8d8
20.Qd1c1 Ne5d3
21.Be2xd3 exd3
22.b4 Re8e2
23.Nd2f3 Bf5g6
24.Nf3d4 Re2e4
25.Ne1xd3 Rd8xd4
26.cxd4 Re4xd4
27.Nd3c5 Qb6c7
28.Rf1d1 Rd4xd1
29.Qc1xd1 b6
30.Nc5b3 h5
31.Ra1c1 Qc7d7
32.Qd1xd7 Nf6xd7
33.Rc1c8 Kh7
34.Rc8c7 Nd7e5
35.Rc7xa7 Bg6c2
36.Nb3d4 Bc2d3
37.Ra7b7 Ne5c4
38.Rb7xf7 Nc4xa3
39.Nd4e6 Kg6
40.Rf7b7 b5
41.h4 Na3c2
42.Ne6c5 Nc2xb4
43.Nc5xd3 Nb4xd3
44.Rb7xb5 { abandon }1-0

[Event "Défi( 10J+24H/c 10J Max )"]
[Site "www.echecsemail.com"]
[Date "2026.02.03"]
[Round "1"]
[White "Snarf"]
[Black "Pheno"]
[WhiteElo "1720"]
[BlackElo "1700"]
[Result "1/2-1/2"]
1.e4 e5
2.Ng1f3 d6
3.h3 Ng8f6
4.d3 h6
5.Bc1e3 Nb8c6
6.Nb1c3 Bc8e6
7.Bf1e2 Bf8e7
8.a3 a6
9.O-O O-O
10.Qd1d2 Qd8d7
11.Be3xh6 gxh6
12.Qd2xh6 Nf6h7
13.Nf3h4 Be7xh4
14.Qh6xh4 Nc6d4
15.Be2d1 Kh8
16.f4 f6
17.f5 Be6f7
18.Nc3e2 Nd4xe2
19.Bd1xe2 Rf8g8
20.Rf1f3 Rg8g5
21.g4 Ra8g8
22.Qh4f2 b6
23.Rf3g3 Rg8g7
24.h4 Rg5g6
25.fxg6 Bf7xg6
26.Kh2 Nh7f8
27.Qf2xf6 Kg8
28.Ra1f1 Nf8h7
29.Qf6f2 Rg7f7
30.Qf2e3 Nh7f6
31.h5 Bg6h7
32.Qe3g5 Kh8
33.Rf1xf6 d5
34.Qg5xe5 dxe4
35.Rf6d6 Kg8
36.Rd6xd7 Rf7xd7
37.Qe5e8 Kg7
38.Qe8xd7 Kh8
39.dxe4 Bh7xe4
40.Qd7e8 Kg7
41.Qe8xe4 b5
42.Rg3f3 c5
43.Rf3d3 Kf6
44.Rd3d5 c4
45.Qe4e5 Kf7
46.Rd5d6 c3
47.b3 b4
48.a4 a5
49.Be2c4 Kf8
50.Rd6d7 1/2-1/2

[Event "Eq:Les Gens du Sud-O fou d hello :"]
[Site "www.echecsemail.com"]
[Date "2026.02.03"]
[Round "1"]
[White "39wx"]
[Black "Yab414"]
[WhiteElo "1520"]
[BlackElo "1650"]
[Result "1-0"]
1.e4 e5
2.Ng1f3 Nb8c6
3.Bf1c4 Bf8e7
4.O-O Ng8f6
5.d3 d6
6.Bc1e3 O-O
7.Nb1c3 b6
8.a3 Bc8g4
9.h3 Bg4d7
10.Bc4a2 Nf6h5
11.Nf3xe5 Nh5f6
12.Ne5xc6 Bd7xc6
13.f4 d5
14.exd5 Nf6xd5
15.Nc3xd5 Bc6xd5
16.Ba2xd5 Ra8b8
17.Bd5a2 Be7c5
18.Qd1f3 Bc5xe3
19.Qf3xe3 c5
20.Ra1e1 Qd8d4
21.c3 Qd4d7
22.Qe3g3 Kh8
23.Re1e3 b5
24.f5 f6
25.Ba2e6 Qd7b7
26.Re3e4 c4
27.Qg3g6 Qb7b6
28.Kh1 Qb6xe6
29.Re4xe6 hxg6
30.fxg6 cxd3
31.Rf1d1 Rb8d8
32.Re6e7 Rf8e8
33.Re7xe8 Rd8xe8
34.Rd1xd3 Kg8
35.Rd3d7 a5
36.Rd7b7 b4
37.axb4 a4
38.Rb7a7 Kf8
39.Ra7f7 Kg8
40.Rf7a7 Kf8
41.Ra7xa4 f5
42.b5 Ke7
43.c4 Kf6
44.Ra4a6 Kg5
45.c5 Re8e2
46.b4 Re2e1
47.Kh2 Re1e2
48.b6 f4
49.Kg1 Re2e1
50.Kf2 Re1b1
51.c6 Rb1xb4
52.c7 Rb4b2
53.Kg1 Rb2c2
54.Ra6a8 Rc2c1
55.Kh2 Rc1c2
56.c8Q f3
57.Qc8xc2 fxg2
58.Ra8a5 Kh4
59.Qc2e4 1-0

[Event "Tournoi n27399"]
[Site "www.echecsemail.com"]
[Date "2026.02.03"]
[Round "1"]
[White "Jyfsk"]
[Black "Legrillon"]
[WhiteElo "1790"]
[BlackElo "1750"]
[Result "0-1"]
1.e4 e5
2.d4 exd4
3.Qd1xd4 Nb8c6
4.Qd4d1 Bf8c5
5.Ng1f3 d6
6.Bf1b5 Bc8d7
7.O-O Ng8f6
8.Rf1e1 h6
9.Nb1c3 Nc6e5
10.Bb5xd7 Qd8xd7
11.a3 Ne5xf3
12.Qd1xf3 O-O-O
13.b4 Bc5d4
14.Bc1b2 Qd7c6
15.b5 Qc6c5
16.a4 b6
17.Ra1a2 Rh8e8
18.Ra2a1 Qc5g5
19.Ra1d1 Bd4e5
20.Bb2a1 Nf6g4
21.g3 h5
22.h3 Ng4f6
23.Kg2 h4
24.g4 g6
25.Nc3d5 Nf6xd5
26.exd5 Be5xa1
27.Re1xe8 Rd8xe8
28.Rd1xa1 Re8e5
29.Qf3xf7 Re5xd5
30.Qf7e8 Qg5d8
31.Qe8xd8 Kxd8
32.Kf3 g5
33.Ra1a3 Rd5d2
34.c3 Rd2d3
35.Kg2 d5
36.Kf1 Rd3xh3
{ abandon }0-1

[Event "Michael Tal 30"]
[Site "www.echecsemail.com"]
[Date "2026.02.03"]
[Round "1"]
[White "Alain64"]
[Black "Karkaskat"]
[WhiteElo "2080"]
[BlackElo "2060"]
[Result "0-1"]
1.f4 d5
2.Ng1f3 c5
3.e3 Ng8f6
4.b3 e6
5.Bc1b2 Bf8e7
6.Bf1b5 Bc8d7
7.Bb5xd7 Nb8xd7
8.O-O O-O
9.c4 dxc4
10.bxc4 Qd8b6
11.Qd1c2 Ra8d8
12.Nb1c3 a6
13.Kh1 Qb6c7
14.a4 Nd7b6
15.d3 Rd8d7
16.a5 Nb6c8
17.Nf3e5 Rd7d8
18.Nc3e4 Nf6xe4
19.dxe4 Be7f6
20.Ne5g4 Bf6xb2
21.Qc2xb2 Nc8d6
22.Qb2c2 f6
23.e5 Nd6f5
24.Qc2c3 h5
25.Ng4xf6 gxf6
26.exf6 Qc7f7
27.e4 Nf5d4
28.e5 Qf7g6
29.Qc3h3 Nd4f5
30.Ra1d1 Qg6g4
31.Rd1b1 Qg4xh3
32.gxh3 Rd8d7
33.Rf1g1 Kh7
34.Rb1b6 Nf5d4
35.Rg1g5 Kh6
36.h4 Nd4f3
37.Rg5g3 Rd7d1
38.Kg2 Nf3xh4
39.Kh3 Nh4f5
40.Rg3g5 Rd1d4
41.Rb6xe6 Rd4xf4
42.Rg5g1 Rf4h4
43.Kg2 Rf8g8
44.Kf2 Rh4f4
{ abandon }0-1

[Event "Jean 8"]
[Site "www.echecsemail.com"]
[Date "2026.02.03"]
[Round "1"]
[White "Orosco"]
[Black "4x4"]
[WhiteElo "2220"]
[BlackElo "1450"]
[Result "0-1"]
1.e4 e5
2.Ng1f3 d6
3.d4 Bc8g4
4.dxe5 Bg4xf3
5.Qd1xf3 dxe5
6.Bf1c4 f6
7.Qf3b3 Qd8d7
8.Qb3xb7 Nb8c6
9.Qb7xa8 Nc6d8
10.Qa8xa7 Ng8h6
11.O-O Bf8d6
12.Bc1xh6 gxh6
13.Nb1c3 Ke7
14.Nc3d5 Ke8
15.Nd5xf6 Ke7
16.Nf6xd7 Kxd7
17.Rf1d1 Nd8c6
18.Qa7b7 Rh8b8
19.Rd1xd6 Kxd6
20.Ra1d1 Kc5
21.Qb7xc7 Rb8xb2
22.Bc4b3 Kb5
23.Rd1d5 Kb4
24.Qc7xc6 Rb2b1
25.Rd5d1 Rb1xd1
0-1

[Event "Tournoi n27409"]
[Site "www.echecsemail.com"]
[Date "2026.02.03"]
[Round "1"]
[White "Smaug"]
[Black "Katastrofic"]
[WhiteElo "1410"]
[BlackElo "1370"]
[Result "1-0"]
1.d4 d5
2.Bc1f4 e6
3.e3 h6
4.Bf1d3 Bf8e7
5.Ng1f3 Ng8f6
6.Nf3e5 Nf6d7
7.Ne5xf7 Kxf7
8.Qd1h5 Kg8
9.Qh5g6 Nd7f6
10.h3 Nf6e4
11.O-O Be7g5
12.Bf4h2 Qd8f8
13.Nb1c3 Qf8f7
14.Qg6xf7 Kxf7
15.f4 Bg5f6
16.Nc3b5 a6
17.Nb5xc7 Ra8a7
18.Ra1d1 b5
19.f5 Ke7
20.g4 Bc8d7
21.b4 Ne4d6
22.fxe6 Bd7xe6
23.Nc7xe6 Kxe6
24.Bd3f5 Nd6xf5
25.Rf1xf5 g6
26.Rf5f3 Ra7f7
27.Rd1f1 Nb8c6
28.c3 a5
29.a3 Rh8f8
30.Rf3f4 Nc6e7
31.bxa5 Rf8a8
32.e4 Ra8a6
33.e5 Kd7
34.exf6 Ne7c6
35.Rf1e1 Ra6xa5
36.Re1b1 Ra5xa3
37.Rb1xb5 Kd6
38.Rf4f5 Ke6
39.Rf5xd5 Ra3xc3
40.Rb5c5 Rc3xc5
41.Rd5d6 1-0

[Event "Jean 8"]
[Site "www.echecsemail.com"]
[Date "2026.02.03"]
[Round "1"]
[White "Patau"]
[Black "Orosco"]
[WhiteElo "1670"]
[BlackElo "2220"]
[Result "0-1"]
1.e4 c5
2.Ng1f3 e6
3.d4 cxd4
4.Nf3xd4 Nb8c6
5.e5 Nc6xe5
6.Bf1d3 Qd8b6
7.Nd4b3 Ne5xd3
8.Qd1xd3 Qb6d6
9.O-O Qd6xd3
10.cxd3 b6
11.Nb1c3 Bc8a6
12.Rf1d1 Ng8e7
13.Bc1f4 Ne7g6
14.Bf4g3 Ra8c8
15.Ra1c1 Bf8e7
16.Nc3e4 Rc8xc1
17.Nb3xc1 e5
18.Nc1b3 f5
19.Ne4c3 f4
20.Nc3e4 Kf7
21.Bg3xf4 Ng6xf4
22.Rd1d2 d5
23.Ne4g3 Nf4xd3
24.Ng3f5 Be7b4
25.Rd2c2 Rh8c8
26.Rc2xc8 Ba6xc8
27.Nf5e3 d4
28.Ne3d5 Bb4d6
29.Nb3d2 Ke6
{ abandon }0-1

[Event "DOUKIPUDONKTAN"]
[Site "www.echecsemail.com"]
[Date "2026.02.03"]
[Round "1"]
[White "Woluwe1975"]
[Black "Petitlulu64"]
[WhiteElo "1650"]
[BlackElo "1690"]
[Result "0-1"]
1.e4 e5
2.Ng1f3 Ng8f6
3.Nf3xe5 d6
4.Ne5f3 Nf6xe4
5.Qd1e2 Qd8e7
6.d3 Ne4f6
7.Qe2xe7 Bf8xe7
8.Bf1e2 Bc8e6
9.O-O Nb8c6
10.a3 O-O
11.Rf1e1 Be6d5
12.c4 Bd5xf3
13.Be2xf3 Rf8e8
14.Bc1d2 Nc6d4
15.Bf3d1 Be7f8
16.Re1xe8 Ra8xe8
17.Kf1 d5
18.Nb1c3 dxc4
19.dxc4 c5
20.Bd1a4 Re8c8
21.Bd2e3 Nd4f5
22.Be3f4 Nf5d4
23.Ra1e1 a6
24.Bf4e5 Nf6g4
25.Ba4d7 Ng4xe5
26.Re1xe5 Rc8d8
27.Bd7g4 Bf8d6
28.Re5d5 Kf8
29.g3 b6
30.Nc3a4 b5
31.Na4xc5 Bd6e7
32.Rd5xd8 Be7xd8
33.Nc5xa6 bxc4
34.Ke1 f5
35.Bg4h3 Nd4f3
36.Kd1 Nf3xh2
37.Bh3xf5 Nh2f3
38.Ke2 Nf3d4
39.Kd2 Nd4xf5
40.Na6c5 Ke7
41.Nc5e4 Bd8b6
42.f4 Bb6d4
43.Kc1 g6
44.a4 Ke6
45.a5 Nf5d6
46.Ne4g5 Kf5
47.Ng5xh7 Bd4f2
48.g4 Kxg4
49.Kc2 Kxf4
50.a6 g5
51.Nh7xg5 Kxg5
52.b4 Kf5
53.Kc3 Ke5
54.b5 Bf2b6
55.Kb4 Kd5
{ abandon }0-1

[Event "Tournoi échelle division 2"]
[Site "www.echecsemail.com"]
[Date "2026.02.03"]
[Round "1"]
[White "Nbelnico"]
[Black "Woluwe1975"]
[WhiteElo "1690"]
[BlackElo "1650"]
[Result "0-1"]
1.e4 e5
2.Ng1f3 Ng8f6
3.d3 d6
4.h3 h6
5.Nb1c3 c5
6.a3 Bf8e7
7.b4 b6
8.Nc3e2 Bc8b7
9.bxc5 bxc5
10.Ne2c3 Nb8c6
11.Bf1e2 Nc6d4
12.O-O O-O
13.Nc3b5 Nd4xb5
14.d4 Bb7xe4
15.Be2xb5 exd4
16.Nf3d2 Be4d5
17.Bc1b2 Qd8c7
18.c3 a6
19.Bb5d3 c4
20.Bd3c2 d3
21.Bc2b1 Ra8b8
22.Bb2c1 Rf8e8
23.Bb1a2 Be7f8
24.Nd2f3 g5
25.Nf3d4 Nf6e4
26.Bc1d2 Bf8g7
27.Nd4f5 Bg7f8
28.f3 Ne4xd2
29.Qd1xd2 Qc7c5
30.Kh1 Re8e2
31.Qd2c1 Rb8b2
32.Nf5d4 Re2xg2
33.Rf1d1 Rg2h2
34.Kg1 Rb2g2
35.Kf1 Bd5xf3
36.Qc1e3 Rh2h1
{ abandon }0-1

[Event "Coupe Niveau 5"]
[Site "www.echecsemail.com"]
[Date "2026.02.03"]
[Round "1"]
[White "Woluwe1975"]
[Black "Alain64"]
[WhiteElo "1650"]
[BlackElo "2100"]
[Result "0-1"]
1.e4 c5
2.b4 cxb4
3.d4 e6
4.Bf1d3 d5
5.e5 Nb8c6
6.Ng1f3 f5
7.a4 bxa3
8.Nb1xa3 Bf8xa3
9.Bc1xa3 Ng8e7
10.Ba3d6 O-O
11.O-O Rf8e8
12.g3 a6
13.c3 b5
14.Bd3xb5 Bc8b7
15.Bb5d3 Nc6a5
16.Nf3g5 Ne7c6
17.Qd1h5 h6
18.Ng5f7 Qd8d7
19.Nf7xh6 gxh6
20.Qh5g6 Qd7g7
21.Qg6xg7 Kxg7
22.f4 Re8c8
23.Rf1b1 Kf7
24.Rb1b6 Rc8g8
25.Kf2 h5
26.Bd3e2 h4
27.Ra1g1 hxg3
28.hxg3 Rg8h8
29.g4 Rh8h2
30.Rg1g2 Rh2xg2
31.Kxg2 fxg4
32.Be2d3 Nc6e7
33.Bd3c2 Ne7f5
34.Bc2xf5 exf5
35.Bd6b4 Ra8b8
36.Bb4xa5 Ke7
37.Ba5b4 Kd7
38.Rb6d6 Ke8
39.e6 Bb7c8
40.Rd6xd5 Bc8b7
41.Kg3 Bb7xd5
42.e7 Rb8b5
43.Bb4c5 a5
{ abandon }0-1

[Event "Tournoi n27391"]
[Site "www.echecsemail.com"]
[Date "2026.02.03"]
[Round "1"]
[White "Wenoketo"]
[Black "Mandrak"]
[WhiteElo "1660"]
[BlackElo "1570"]
[Result "0-1"]
1.d4 e6
2.Ng1f3 f6
3.Bc1f4 d6
4.e3 h6
5.h3 g5
6.Bf4h2 h5
7.Nb1d2 b6
8.Bf1e2 c6
9.O-O b5
10.a3 a5
11.Ra1c1 a4
12.Be2d3 f5
13.c4 Bc8d7
14.cxb5 cxb5
15.Rf1e1 Ng8h6
16.Qd1e2 Ra8a5
17.Rc1c2 g4
18.hxg4 hxg4
19.b4 axb3
20.Nd2xb3 gxf3
21.Qe2xf3 Ra5xa3
22.Re1b1 Ra3a6
23.Qf3h5 Ke7
24.Bh2f4 Bd7e8
25.Bf4g5 Kd7
26.Bd3xb5 Nb8c6
27.Bg5xd8 Be8xh5
28.Bb5xa6 Nc6xd8
29.Ba6b5 Ke7
30.Rc2c7 Kf6
31.Rb1a1 Bf8e7
32.Ra1a7 Nh6g8
33.Nb3a5 Nd8f7
34.Na5c6 Be7f8
35.Nc6b8 Bf8e7
36.Nb8d7 Kg5
37.f4 Kh4
38.Kf2 Ng8f6
39.g3 Kh3
40.Bb5f1 Kh2
41.Nd7xf6 Be7xf6
42.Rc7c2 Nf7h6
43.Ra7a1 Rh8g8
44.Bf1e2 Bh5xe2
45.Rc2xe2 Rg8xg3
46.Kf1 Kh3
47.Ra1a2 Nh6g4
48.Ra2a7 Ng4xe3
49.Ke1 Ne3g2
50.Kd2 Ng2xf4
51.Ra7h7 Bf6h4
52.Re2f2 Rg3d3
53.Kc2 Rd3xd4
54.Rf2f1 Kg3
55.Rh7g7 Kh2
56.Rg7g1 Bh4d8
57.Rg1h1 Kg3
58.Rf1g1 Nf4g2
59.Rh1h8 Bd8b6
60.Rh8g8 Rd4g4
61.Rg8xg4 fxg4
{ abandon }0-1

[Event "Eq:Les enfants de l Atlantide-LES CHATTERBOX :"]
[Site "www.echecsemail.com"]
[Date "2026.02.04"]
[Round "1"]
[White "Onetwoyve"]
[Black "Capitaine"]
[WhiteElo "1920"]
[BlackElo "2390"]
[Result "0-1"]
1.e4 e5
2.Ng1f3 Nb8c6
3.Bf1b5 a6
4.Bb5xc6 dxc6
5.d3 Qd8f6
6.h3 Bf8c5
7.Bc1e3 Bc5xe3
8.fxe3 Qf6d6
9.Nb1d2 b5
10.c3 Qd6xd3
11.Kf2 Qd3d6
12.Qd1b3 Bc8e6
13.Qb3c2 Ng8e7
14.Rh1d1 Qd6c5
15.b4 Qc5b6
16.Nd2b3 Be6xb3
17.Qc2xb3 Ne7g6
18.Rd1d2 O-O
19.Ra1d1 c5
20.bxc5 Qb6xc5
21.Rd2d5 Qc5c6
22.Nf3xe5 Ng6xe5
23.Rd5xe5 Ra8e8
24.Rd1d5 Qc6g6
25.Qb3c2 c6
26.Rd5c5 Qg6d6
27.Re5xe8 Rf8xe8
28.Rc5g5 Qd6f6
29.Rg5f5 Qf6h4
30.Kf1 Qh4xe4
31.Qc2xe4 Re8xe4
32.Rf5c5 Re4e6
33.Kf2 Kf8
34.g4 Ke7
35.Rc5f5 f6
36.h4 g6
37.Rf5f4 c5
38.a4 Re6e5
39.axb5 axb5
40.Ke2 Ke6
41.Kd2 f5
42.gxf5 Re5xf5
43.Kd3 Rf5xf4
44.exf4 Kf5
{ abandon }0-1

[Event "Tournoi n27400"]
[Site "www.echecsemail.com"]
[Date "2026.02.04"]
[Round "1"]
[White "Jazzzz"]
[Black "Emmanuel"]
[WhiteElo "2000"]
[BlackElo "1960"]
[Result "1-0"]
1.e4 d5
2.exd5 Ng8f6
3.d4 Bc8g4
4.Ng1f3 Qd8xd5
5.Bf1e2 Nb8c6
6.Nb1c3 Qd5h5
7.h3 O-O-O
8.Bc1e3 e5
9.O-O e4
10.Nf3h2 Nc6e5
11.Be2xg4 Nf6xg4
12.Nh2xg4 Ne5xg4
13.Qd1xg4 Qh5xg4
14.hxg4 Rd8e8
15.Rf1e1 h5
16.g5 f5
17.gxf6 gxf6
18.d5 f5
19.Be3xa7 b6
20.a4 Kb7
21.Nc3b5 Re8a8
22.c3 Ra8xa7
23.Nb5xa7 Kxa7
24.b4 Kb7
25.f3 exf3
26.gxf3 Bf8d6
27.a5 Rh8g8
28.Kh1 b5
29.Re1g1 Rg8h8
30.Rg1g5 f4
31.Ra1g1 h4
32.Rg5g8 Rh8h7
33.Rg1a1 Bd6e5
34.a6 Ka7
35.Ra1a3 Be5f6
36.Rg8f8 Rh7h6
37.d6 cxd6
38.Rf8f7 Ka8
39.a7  { temps }1-0

[Event "Défi( 10J+24H/c 10J Max )"]
[Site "www.echecsemail.com"]
[Date "2026.02.04"]
[Round "1"]
[White "Pascalou50"]
[Black "Cavalierfou"]
[WhiteElo "1840"]
[BlackElo "1770"]
[Result "1-0"]
1.d4 d5
2.Ng1f3 f6
3.Bc1f4 Bc8g4
4.h3 Bg4xf3
5.exf3 a6
6.Bf1d3 Nb8c6
7.c3 e5
8.dxe5 fxe5
9.Bf4g3 Bf8e7
10.O-O d4
11.f4 Qd8d6
12.fxe5 Nc6xe5
13.Bg3xe5 Qd6xe5
14.cxd4 Qe5xd4
15.Bd3b5 axb5
16.Qd1xd4 Ng8f6
17.Rf1e1 b6
18.Nb1c3 Ra8d8
19.Re1xe7 Kxe7
20.Qd4e5 Kf7
21.Qe5xc7 Kg6
22.Qc7xb6 Rd8b8
23.Qb6d6 h5
24.Nc3e4 Rh8e8
25.Ne4xf6 gxf6
26.Ra1d1 Rb8d8
27.Qd6g3 Kh7
28.Qg3c7 { abandon }1-0

[Event "Défi( 10J+24H/c 10J Max )"]
[Site "www.echecsemail.com"]
[Date "2026.02.04"]
[Round "1"]
[White "Minon"]
[Black "Poison"]
[WhiteElo "1910"]
[BlackElo "1070"]
[Result "1-0"]
1.e4 e5
2.Ng1f3 d6
3.d4 Ng8f6
4.dxe5 dxe5
5.Qd1xd8 Kxd8
6.Bc1g5 Bf8e7
7.Nf3xe5 Rh8f8
8.Nb1c3 c6
9.O-O-O Kc7
10.Bf1c4 Nb8d7
11.Ne5xd7 Bc8xd7
12.Bg5xf6 Be7xf6
13.f3 Bf6xc3
14.bxc3 f6
15.Rd1d2 g6
16.Rh1d1 Rf8d8
17.Kb2 f5
18.e5 h6
19.f4 Ra8c8
20.e6 Bd7xe6
21.Bc4xe6 Rc8b8
22.Rd2xd8 g5
23.Rd8xb8 Kxb8
24.Be6xf5 gxf4
25.Rd1d6 c5
26.Rd6xh6 c4
27.h4 a6
28.Rh6e6 Ka7
29.h5 a5
30.h6 a4
31.h7 b6
32.h8Q Ka6
33.Qh8a8 Kb5
34.Ka3 Kc5
35.Qa8c6 1-0

[Event "Coupe Niveau 2"]
[Site "www.echecsemail.com"]
[Date "2026.02.04"]
[Round "1"]
[White "Woluwe1975"]
[Black "Panchoa"]
[WhiteElo "1640"]
[BlackElo "1630"]
[Result "0-1"]
1.f4 d6
2.e3 Ng8f6
3.d3 Bc8g4
4.Bf1e2 Bg4xe2
5.Qd1xe2 e6
6.Nb1c3 Bf8e7
7.Ng1f3 O-O
8.Bc1d2 Nb8c6
9.O-O-O d5
10.d4 a6
11.Kb1 Ra8b8
12.Nf3e5 Nf6e4
13.Nc3xe4 dxe4
14.g3 Qd8d5
15.c4 Qd5d8
16.Bd2c3 Nc6b4
17.Bc3xb4 Be7xb4
18.a3 Bb4a5
19.c5 c6
20.b4 Ba5c7
21.Kb2 Qd8d5
22.Rd1b1 b6
23.Ka1 f6
24.Ne5g4 b5
25.h4 h5
26.Ng4f2 f5
27.Qe2xh5 Qd5c4
28.Qh5d1 Qc4c3
29.Ka2 Qc3xe3
30.Qd1e1 Qe3xd4
31.Nf2h3 e5
32.Rh1h2 Qd4c4
33.Rb1b3 a5
34.bxa5 Qc4a4
35.Nh3g5 Bc7xa5
36.Qe1d1 b4
37.Rh2b2 bxa3
38.Qd1h5 axb2
39.Kb1 Qa4a1
40.Kc2 Qa1c1
0-1

[Event "Défi"]
[Site "www.echecsemail.com"]
[Date "2026.02.04"]
[Round "1"]
[White "Arno"]
[Black "Tinenfant"]
[WhiteElo "1780"]
[BlackElo "1870"]
[Result "1-0"]
1.d4 d5
2.Bc1f4 Ng8f6
3.Ng1f3 e6
4.e3 Bf8e7
5.Nb1d2 O-O
6.Bf1d3 h6
7.Nf3e5 Nb8d7
8.O-O c6
9.Nd2f3 Qd8b6
10.Ra1b1 Rf8e8
11.c3 Nd7xe5
12.dxe5 Nf6e4
13.Bd3xe4 dxe4
14.Nf3d2 Re8d8
15.Qd1c2 f5
16.exf6 Be7xf6
17.Nd2xe4 Bf6e7
18.Rb1d1 Bc8d7
19.Ne4d6 Be7xd6
20.Bf4xd6 Rd8e8
21.Bd6e5 Ra8d8
22.Qc2g6 Re8e7
23.Be5f6  { temps }1-0